Let's have healthy children. (Record no. 5100)

MARC details
000 -LEADER
fixed length control field 00736cam a22002771 4500
001 - CONTROL NUMBER
control field 7951042
003 - CONTROL NUMBER IDENTIFIER
control field GBCCL
005 - DATE AND TIME OF LATEST TRANSACTION
control field 20241126110533.0
008 - FIXED-LENGTH DATA ELEMENTS--GENERAL INFORMATION
fixed length control field 730327s1959 nyua 000 0 eng
010 ## -
-- 59016241
020 ## - INTERNATIONAL STANDARD BOOK NUMBER
International Standard Book Number 0151504407
035 ## - SYSTEM CONTROL NUMBER
System control number (OCoLC)588295
040 ## - CATALOGING SOURCE
Original cataloging agency DLC
Transcribing agency OYesA
Modifying agency OCoLC
-- DLC
042 ## -
-- premarc
050 00 -
-- RJ216
-- .D35 1959
082 ## - DEWEY DECIMAL CLASSIFICATION NUMBER
Classification number 618.24
Item number DAV
100 1# - MAIN ENTRY--PERSONAL NAME
Personal name Davis, Adelle.
9 (RLIN) 9196
245 10 - TITLE STATEMENT
Title Let's have healthy children.
250 ## - EDITION STATEMENT
Edition statement Rev. ed.
260 ## - PUBLICATION, DISTRIBUTION, ETC.
Place of publication, distribution, etc. New York,
Name of publisher, distributor, etc. Harcourt, Brace
Date of publication, distribution, etc. [1959]
300 ## - PHYSICAL DESCRIPTION
Extent 314 p.
Other physical details illus.
Dimensions 22 cm.
650 #0 - SUBJECT ADDED ENTRY--TOPICAL TERM
Topical term or geographic name entry element Infants
General subdivision Nutrition.
9 (RLIN) 9197
650 #0 - SUBJECT ADDED ENTRY--TOPICAL TERM
Topical term or geographic name entry element Pregnancy.
9 (RLIN) 9198
906 ## - LOCAL DATA ELEMENT F, LDF (RLIN)
a 7
b cbc
c oclcrpl
d u
e ncip
f 19
g y-gencatlg
942 ## - ADDED ENTRY ELEMENTS (KOHA)
Source of classification or shelving scheme Dewey Decimal Classification
Koha item type Books
Holdings
Withdrawn status Lost status Source of classification or shelving scheme Damaged status Not for loan Home library Current Library Shelving location Date acquired Total checkouts Full call number Barcode Date last seen Copy number Price effective from Koha item type
    Dewey Decimal Classification     GRACE BIBLE COLLEGE GRACE BIBLE COLLEGE General Studies 2018-02-27   618.24 DAV 008023 2025-05-01 c.1 2018-02-27 Books
© Grace Bible College Library 2025